[Event "Adelaide-ch"]
[Site "Adelaide"]
[Date "2005.08.16"]
[Round "6"]
[White "Maksimovic, Mirjan"]
[Black "Bage, Chris"]
[Result "1-0"]
[WhiteElo "1509"]
[BlackElo "1350"]
[PlyCount "77"]
[EventDate "2005.07.12"]
[EventType "swiss"]
[EventRounds "7"]
[EventCountry "AUS"]
[SourceTitle "EXT 2010"]
[Source "ChessBase"]
[SourceDate "2010.11.25"]
[SourceVersion "1"]
[SourceVersionDate "2010.11.25"]
[SourceQuality "1"]

1. e4 c5 2. Nf3 d6 3. d4 cxd4 4. Nxd4 g6 5. Be3 Bg7 6. Bc4 Nf6 7. f3 Bd7 8. Nc3 a6 9. a3 0-0 10. Qd2 Nc6 11. 0-0-0 b5 12. Nxc6 Bxc6 13. Bd5 Qc7 14. Bh6 Bxh6 15. Qxh6 Rfc8 16. h4 Bxd5 17. exd5 a5 18. Qd2 Qb6 19. h5 b4 20. Ne4 Nxe4 21. fxe4 bxa3 22. bxa3 Rab8 23. Qd3 Qb2+ 24. Kd2 Rc5 25. hxg6 fxg6 26. Rb1 Qxb1 27. Rxb1 Rxb1 28. Qd4 Rb8 29. c4 Rb3 30. e5 Rxa3 31. e6 Ra4 32. Qf4 Rc8 33. Qf7+ Kh8 34. Qxe7 Raxc4 35. Qf6+ Kg8 36. Qf7+ Kh8 37. e7 Rc2+ 38. Ke1 Rc1+ 39. Kf2 1-0

[Event "Adelaide-ch"]
[Site "Adelaide"]
[Date "2005.07.12"]
[Round "1"]
[White "Bage, Chris"]
[Black "Sykes, Alexander K"]
[Result "1/2-1/2"]
[WhiteElo "1350"]
[BlackElo "1896"]
[PlyCount "60"]
[EventDate "2005.07.12"]
[EventType "swiss"]
[EventRounds "7"]
[EventCountry "AUS"]
[SourceTitle "EXT 2010"]
[Source "ChessBase"]
[SourceDate "2010.11.25"]
[SourceVersion "1"]
[SourceVersionDate "2010.11.25"]
[SourceQuality "1"]

1. d4 Nf6 2. c4 g6 3. Nf3 Bg7 4. Nc3 d5 5. Bg5 Ne4 6. cxd5 Nxc3 7. bxc3 Qxd5 8. Qd2 c5 9. Bh6 0-0 10. Bxg7 Kxg7 11. e3 cxd4 12. cxd4 Nc6 13. Be2 Rd8 14. 0-0 e5 15. Rfd1 exd4 16. Nxd4 Nxd4 17. Qb2 Qe5 18. Rxd4 Re8 19. Rad1 b6 20. Bf3 Rb8 21. Qa3 a5 22. Re4 Qb5 23. Rxe8 Qxe8 24. Qd6 Be6 25. Bc6 Qf8 26. Qe5+ Kg8 27. a4 Rd8 28. Bd5 Bxd5 29. Rxd5 Rxd5 30. Qxd5 Qb4 1/2-1/2